Normal view
MARC view
- الاردن- حياة عسكرية -تاريخ
Entry Topical Term
001 - CONTROL NUMBER
- control field: 19841
003 - CONTROL NUMBER IDENTIFIER
- control field: JO-AjAnu
005 - DATE AND TIME OF LATEST TRANSACTION
- control field: 20230606073448.0
008 - FIXED-LENGTH DATA ELEMENTS
- fixed length control field: 230606|| aca||aabn | a|a d
040 ## - CATALOGING SOURCE
- Original cataloging agency: JO-AjAnu
- Transcribing agency: JO-AjAnu
150 ## - HEADING--TOPICAL TERM
- Topical term or geographic name entry element: الاردن- حياة عسكرية -تاريخ
670 ## - SOURCE DATA FOUND
- Source citation: Work cat.: (JO-AjAnu)10186: المومني، أحمد محمد خلف, author 19840, معارك الاردن الخالدة: محاضرات في الدراسات الاستراتيجية